[Event "Corus-B"]
[Site "Wijk aan Zee"]
[Date "2006.01.19"]
[Round "5"]
[White "Navara, David"]
[Black "Naiditsch, Arkadij"]
[Result "1/2-1/2"]
[WhiteElo "2660"]
[BlackElo "2657"]
[Annotator "Ribli,Z"]
[PlyCount "74"]
[EventDate "2006.01.14"]
[EventType "tourn"]
[EventRounds "13"]
[EventCountry "NED"]
[EventCategory "15"]
[SourceTitle "CBM 111"]
[Source "ChessBase"]
[SourceDate "2006.04.04"]
[SourceVersion "1"]
[SourceVersionDate "2006.04.04"]
[SourceQuality "1"]

1. Nf3 Nf6 2. c4 c5 3. Nc3 d5 {Eine relativ selten gespielte Variante.} 4. cxd5
Nxd5 5. e4 {Eine übliche Fortsetzung, aber 5.d4, 5.e3 und 5.g3 sind auch
möglich.} Nb4 6. Bc4 Nd3+ 7. Ke2 Nf4+ 8. Kf1 Ne6 9. b4 {Dieses Bauernopfer ist
eine scharfe Fortsetzung, die Alternative ist 9.Ne5.} g6 {Schwarz nimmt nicht
auf b4, sondern opfert selbst einen Bauern.} (9... cxb4 10. Ne2 $5 Nc7 11. d4
e6 12. h4 $5 $44 {[%cal Gh4h5,Gh1h3,Gh3g3]} Nd7 13. h5 {[%cal Gh5h6]} h6 14.
Bf4 Nb6 15. Bd3 Bd7 (15... Bd6 16. Ne5 $44) 16. Ne5 Ba4 17. Qd2 Be7 18. Rh3 $36
{[%cal Gh3g3,Gg3g7] 1-0 Filippov,V-Van Wely,L/Tripoli 2004/CBM 102/[Ribli] (33)
}) 10. bxc5 Bg7 11. Bxe6 Bxe6 12. d4 Bg4 {[%csl Yd4][%cal Gg4d1,Gg7d4][%mdl 4]
Es verwundert ein wenig, das dieser logische Zug praktisch noch nie gespielt
wurde. Schwarz kämpft gegen das weiße Bauernzentrum.} (12... Nc6 13. Be3 Qa5
14. Rc1 O-O-O 15. Ne2 $5 (15. h3 f5 $5 16. Kg1 f4 17. Bxf4 Nxd4 18. Nd5 Bxd5
19. exd5 Rxd5 20. Nxd4 Bxd4 21. Qg4+ Rf5 22. Bg3 Qd2 {1/2-1/2 Sasikiran,K-Ezat,
M/Dos Hermanas 2004/CBM 99 ext (35)}) 15... f5 16. Ng5 Bg8 17. exf5 gxf5 18.
Qc2 {1-0 Ionov,S-Shomoev,A/Sochi 2005/EXT 2006 (32)}) (12... O-O 13. Bb2 Bg4
14. Ne2 b6 $5 15. Ne5 Bxe5 16. dxe5 bxc5 17. Qxd8 Rxd8 18. f3 Be6 19. Kf2 Nc6 {
1/2-1/2 Filippov,V-Sergienko,S/Sochi 2005/CBM 107 (48)}) 13. Rb1 (13. Be3 O-O
14. Qd2 Nc6 15. d5 Bxf3 16. gxf3 Qa5 17. Rc1 Ne5 18. f4 Nc4 19. Qd3 Nxe3+ 20.
Qxe3 Rac8 21. Ne2 {1/2-1/2 Kamberi,S-Ramsey,P/Dallas 2001/EXT 2004 (21)}) 13...
Nc6 {Diese Stellung erinnert mich an die Grünfeld-Indische Verteidigung,
Schwarz greift ebenso den d4-Bauern an.} 14. Rxb7 Bxf3 15. Qxf3 (15. gxf3 $2
Qc8 $1 {[%csl Rd4][%cal Rc8b7,Rc8h3]}) 15... Qxd4 $36 (15... Nxd4 16. Qd3 O-O
17. Nd5 Nc6 18. Qa6 Rc8 19. Bg5) 16. Bb2 Qc4+ (16... Qxc5) 17. Qe2 Qxe2+ (17...
Na5 $2 18. Qxc4 Nxc4 19. Nd5 $18) 18. Kxe2 O-O-O $1 {[%csl Rb7][%cal Gd8d1,
Rc8b7] Mit diesem starkem Zug gewinnt Schwarz eigentlich eine Qualität.} 19.
Nd5 $1 {[%mdl 256] Das ist die beste Gegenchance für Weiß; er muss die
Qualität geben, aber kann mit aktivem Spiel die Partie retten kann.} Kxb7 20.
Bxg7 Rhg8 21. Rb1+ Kc8 22. Bc3 {[%csl Gc3,Gd5][%cal Gb1b8] Weiß hat nur einen
Bauern für die Qualität, aber seine Figuren stehen sehr aktiv.} Rd7 23. Rb3 $1
{[%cal Gb3a3,Ga3a6]} f5 24. f3 fxe4 25. fxe4 {Der d5N steht gut und dominiert
auf dem Brett; aufgrund der Schwächung des Feldes f6 kann Schwarz nicht e7-e6
ziehen.} Rb7 $1 26. Ra3 Kd7 27. Ra6 Rc8 28. Kd3 {[%cal Gd3c4] Der König zielt
nach c4.} Rb1 29. Kc4 Rg1 30. e5 e6 $6 (30... Rxg2 31. e6+ Ke8 (31... Kxe6 $4
32. Nf4+ $18) 32. Kb5 Nd8 33. Rxa7 Rb8+ 34. Kc4 Nc6 35. Rd7 Rg4+ 36. Kd3 Rd8
$17) 31. Nb4 Rxg2 32. h3 Rg3 33. Nxc6 Rxc6 34. Rxa7+ Rc7 35. Ra6 Rc6 {Schwarz
möchte nichts riskieren und ist zufrieden mit dem halbe Punkt.} (35... Rxh3 36.
Rd6+ Ke7 37. c6 Rf3 38. Bb4 $132) 36. Ra7+ Rc7 37. Ra6 Rc6 1/2-1/2

[Event "Altensteig"]
[Site "Altensteig"]
[Date "1990.??.??"]
[Round "11"]
[White "Schlosser, Philipp"]
[Black "Luther, Thomas"]
[Result "1/2-1/2"]
[WhiteElo "2455"]
[BlackElo "2385"]
[Annotator "Ribli,Z"]
[PlyCount "41"]
[EventDate "1990.07.??"]
[EventType "tourn"]
[EventRounds "11"]
[EventCountry "GER"]
[EventCategory "9"]
[SourceTitle "CBM 020"]
[Source "ChessBase"]
[SourceDate "1991.02.01"]
[SourceVersion "1"]
[SourceVersionDate "1991.02.01"]
[SourceQuality "1"]

1. Nf3 Nf6 2. c4 e6 3. Nc3 c5 4. g3 Nc6 5. Bg2 Be7 6. d4 d5 7. dxc5 (7. cxd5
Nxd5 {-> D 41} (7... exd5 8. O-O O-O {-> D 34})) 7... Bxc5 8. O-O O-O 9. Bf4 (
9. cxd5 $5) 9... dxc4 10. Qa4 Nd5 11. Qxc4 Nxf4 12. Qxf4 Qe7 13. Rfd1 Bd7 14.
Ne5 g5 $1 15. Nxc6 Bxc6 16. Qd2 Rfd8 17. Qc2 Bxg2 18. Kxg2 Rac8 19. Rxd8+ Rxd8
20. Rc1 Bd4 21. Rd1 1/2-1/2

[Event "Hastings 9192"]
[Site "Hastings"]
[Date "1991.??.??"]
[Round "8"]
[White "Agdestein, Simen"]
[Black "Suetin, Alexey S"]
[Result "1-0"]
[WhiteElo "2590"]
[BlackElo "2405"]
[Annotator "Ribli,Z"]
[PlyCount "109"]
[EventDate "1991.12.??"]
[EventType "tourn"]
[EventRounds "14"]
[EventCountry "ENG"]
[EventCategory "14"]
[SourceTitle "CBM 027"]
[Source "ChessBase"]
[SourceDate "1992.04.01"]
[SourceVersion "1"]
[SourceVersionDate "1992.04.01"]
[SourceQuality "1"]

1. c4 c5 2. Nf3 Nf6 3. Nc3 d5 4. cxd5 Nxd5 5. e4 Nb4 6. Bc4 Be6 (6... Nd3+ 7.
Ke2 Nf4+ 8. Kf1 Ne6 9. Ne5 g6 $2 (9... Qd4 10. Qa4+ Bd7 11. Nxd7 Qxd7 12. Bxe6
fxe6 13. e5 $1 Nc6 14. Ne4 b6 15. f4 $16 {Hovde-Rosenquist corr. 1986 45/(48)})
10. Qa4+ Nd7 11. d3 Bg7 $2 12. Nxf7 $1 Kxf7 13. Bxe6+ Kxe6 14. Qc4+ Kd6 15.
Nb5+ Kc6 16. Qe6+ Kxb5 17. a4+ Ka5 18. Bd2+ $18 {Hanel,R-Kottke,U Wien op 1990
CBM/21}) 7. Bxe6 Nd3+ 8. Ke2 $5 (8. Kf1 fxe6 9. Ng5 Qb6 10. Qf3 c4 11. b3 $1 h6
12. bxc4 Nxc1 13. Qh5+ Kd7 14. Nf7 Nd3 15. Qf3 $16 {Loginov-Malanjuk URS 1984
37/56}) 8... Nf4+ 9. Kf1 Nxe6 10. b4 g6 (10... cxb4 11. Nd5 Nc6 12. Qa4 a5 13.
a3 $146) 11. bxc5 Bg7 12. Ba3 Nc6 13. Rc1 Qd3+ 14. Qe2 O-O-O 15. g3 g5 16. Qxd3
Rxd3 17. Ke2 Rhd8 18. Rhd1 Bxc3 19. dxc3 Rxd1 20. Rxd1 Rxd1 21. Kxd1 g4 22. Nd2
Ne5 23. Ke2 Kd7 (23... a5 $5) 24. f4 gxf3+ 25. Nxf3 Nc4 26. Bb4 a5 27. Kd3 Nb2+
(27... axb4 28. Kxc4 bxc3 29. Ne5+ Ke8 30. Nd3 $16) 28. Kc2 axb4 29. Ne5+ Kc7
30. Kxb2 bxc3+ 31. Kxc3 Nxc5 32. Nxf7 Nxe4+ 33. Kd4 Nf6 34. h3 Kd7 35. Ke5 b6
36. g4 Ke8 37. Nd6+ Kd7 38. Nf7 Ke8 39. Nd6+ Kd7 40. Nf5 Ne8 41. h4 Nc7 42. Ng7
e6 43. Nh5 Ke7 44. Nf6 Nb5 45. Nxh7 Nc3 46. Ng5 Nxa2 47. Nxe6 Nb4 48. Nd4 Nd3+
49. Kf5 Nb2 50. g5 Nc4 51. h5 Nd6+ 52. Kg6 Nf7 53. h6 Kf8 54. h7 Nh8+ 55. Kf6
1-0

[Event "Barcelona"]
[Site "Barcelona"]
[Date "1990.??.??"]
[Round "8"]
[White "Franco Ocampos, Zenon"]
[Black "De la Villa Garcia, Jesus Maria"]
[Result "0-1"]
[WhiteElo "2495"]
[BlackElo "2475"]
[Annotator "Ribli,Z"]
[PlyCount "80"]
[EventDate "1990.09.??"]
[EventType "tourn"]
[EventRounds "9"]
[EventCountry "ESP"]
[EventCategory "10"]
[SourceTitle "CBM 021"]
[Source "ChessBase"]
[SourceDate "1991.04.01"]
[SourceVersion "1"]
[SourceVersionDate "1991.04.01"]
[SourceQuality "1"]

1. c4 Nf6 2. Nc3 c5 3. g3 d5 4. cxd5 Nxd5 5. Bg2 Nc7 6. a3 Nc6 7. Nf3 f6 (7...
g6 8. h4 h6 9. d3 Bg7 10. Bd2 Bg4 11. Rc1 $14 {Sunye Neto,J-Vaganian,R Manila
izt 1990 CBM/19}) 8. d3 (8. b4 $1 cxb4 9. axb4 Nxb4 10. Qa4+ Nc6 11. Nd4 $14)
8... e5 9. Be3 Be7 10. Rc1 Qd7 11. Nd2 O-O 12. O-O Kh8 13. f4 exf4 14. gxf4 Ne6
15. Nd5 Ned4 16. Kh1 Rb8 17. Bf2 Bd6 18. Ne4 b6 19. e3 Nf5 20. b4 (20. Qh5 $1
$36) 20... cxb4 21. Nxd6 Qxd6 22. Nxf6 Qxf6 23. Rxc6 Qe7 24. e4 (24. axb4 Bb7
$15) 24... Nh4 25. Bxh4 Qxh4 26. axb4 Rxf4 27. Rc7 a5 28. b5 Be6 29. Qa1 Rxf1+
30. Bxf1 Rg8 31. Bg2 a4 32. Qf1 Qd8 33. Ra7 Bb3 34. e5 Qb8 35. Re7 a3 36. d4 a2
37. Qa1 Qf8 38. Ra7 Qf4 39. Qg1 Rc8 40. Bc6 g6 0-1

[Event "FRA-ch"]
[Site "Val d'Isere"]
[Date "2002.08.21"]
[Round "3"]
[White "Bricard, Emmanuel"]
[Black "Bauer, Christian"]
[Result "0-1"]
[WhiteElo "2454"]
[BlackElo "2550"]
[Annotator "Ribli,Z"]
[PlyCount "94"]
[EventDate "2002.08.19"]
[EventType "tourn"]
[EventRounds "11"]
[EventCountry "FRA"]
[EventCategory "13"]
[SourceTitle "CBM 091"]
[Source "ChessBase"]
[SourceDate "2002.11.12"]
[SourceVersion "1"]
[SourceVersionDate "2002.11.12"]
[SourceQuality "1"]

1. c4 c5 2. Nf3 Nc6 3. Nc3 Nf6 4. g3 d5 5. cxd5 Nxd5 6. Bg2 Nc7 {Das ist die
sogenannte Rubinstein-Variante der Englischen Eröffnung: Schwarz strebt eine
starke Zentrumsstellung an, aber Weiß erhält Entwicklungsvorteil. Das
sofortige 6...e5?? ist ganz schlecht wegen 7.Nxe5 - mit Bauerngewinn.} 7. O-O
e5 8. Ne1 {[%cal Gg2c6,Ge1d3] Dieser Springerzug scheint etwas sonderbar, aber
Weiß öffnet die Diagonale des g2-Läufers und möchte dann Nd3 ziehen.} (8. d3 {
[%cal Gf3d2,Gd2c4] Dieser Zug ist die Hauptvariante, welche Weiß Hoffnungen
auf Eröffnungsvorteil bietet.}) 8... h5 {[%cal Gh5h4] Dieser Zug ist nicht
schlecht, aber 8...Bg4 ist die gewöhnliche Antwort nach dem Springerzug. Mit
dem Textzug möchte Schwarz ausnutzen, dass der Springer weit weg von der
Königsstellung ist.} (8... Bg4 9. Bxc6+ (9. Nc2 Be7 (9... Qd7 10. Ne3 Bh3 11.
Bxh3 Qxh3 12. Qb3 Qd7 13. Ned5 Nxd5 14. Qxd5 Qxd5 15. Nxd5 O-O-O {0-1 Flesch,
J-Portisch,L/Hungary 1975/MCD (45)}) 10. Ne3 Be6 11. d3 Qd7 12. f4 exf4 13.
gxf4 f6 14. Bd2 O-O 15. Rc1 Rad8 16. Qe1 Nd4 17. Kh1 b6 {0-1 McNab,C-Pinter,J/
Haifa 1989/EU-chT (43)}) 9... bxc6 10. Qa4 Qd7 11. Nd3 f6 12. f3 (12. f4 Qd4+
13. Rf2 Qxa4 14. Nxa4 c4 15. Ndc5 Ne6 16. Nxe6 Bxe6 17. fxe5 fxe5 18. d3 Bd6 {
1/2-1/2 Taylor,M-Hodgson,J/Coulsdon ENG 2002/(26)}) 12... Be6 13. b3 Nb5 14.
Bb2 c4 15. bxc4 Qd4+ 16. Nf2 Qxc4 17. Qxc4 Bxc4 18. d3 Bf7 19. Rfc1 Nd4 20. Kf1
Rb8 21. Ncd1 Kd7 {1/2-1/2 Mastrovasilis,A-Parligras,M/Kavala GRE 2002/ (49)})
9. Nf3 {Der Springer kommt zurück und verhindert (zeitweilig) die Ausführung
des Zugs h5-h4. Aber nach meiner persönlichen Meinung ist der Springerzug
etwas zu passiv: Weiß hat eigentlich zwei Tempi verloren.} (9. f4 h4 10. d3
hxg3 11. hxg3 exf4 (11... c4 12. dxc4 Bc5+ 13. e3 Qxd1 14. Nxd1 exf4 $44) 12.
Bxf4 Be6 13. Qa4 Qd7 14. Rc1 Nd5 15. Nxd5 Bxd5 16. Nf3 f6 {0-1 Mastrovasilis,
A-Lupulescu,C/Kavala GRE 2002/(47)}) (9. Nd3 f6 10. Qa4 Bd7 11. Qe4 Be6 12. b3
h4 13. Ba3 hxg3 14. fxg3 Qd4+ 15. e3 Qxe4 16. Nxe4 c4 17. Bxf8 Kxf8 18. Ndc5
cxb3 19. axb3 Rb8 20. Nxf6 gxf6 21. Bxc6 bxc6 22. Rxa7 {1-0 Taylor,P-Mahony,R/
Birmingham 2001/EXT 2002 (48)}) (9. h3 f5 10. f4 h4 11. gxh4 exf4 12. e3 Ne6
13. Qa4 Bd7 14. Qb3 g5 15. Qxb7 Rb8 16. Qa6 Rb6 17. Qc4 Ne5 18. Qd5 Bd6 {
0-1 Hanley,C-Lupulescu,C/Oropesa del Mar 2001/EXT 2002 (18)}) 9... Be7 {
[%cal Gh5h4] Mit diesem einfachen Entwicklungszug Schwarz unterstüzt Schwarz
die Möglichkeit h5-h4.} 10. h4 Bg4 $11 {[%csl Gg4]} 11. d3 Qd7 (11... O-O $11)
12. a4 $6 {Mit diesem Zugverhindert Weiß die Möglichkeit b7-b5, aber der
Textzug schwächt gleichzeitig das Feld b4.} O-O {Schwarz kann zufrieden sein
mit dem dem Ergebnis der Eröffnung: Sein Läufer steht ausgezeichnet auf g4 und
wegen seiner starken Zentrumsstellung hat er Raumvorteil. Andererseits ist die
weiße Stellung sehr fest.} 13. Nd2 {[%cal Gd2c4] Das ist ein typisches
Springermanöver in solchen Stellungen - der Springer zielt nach c4.} Ne6 {
[%cal Ge6d4][%mdl 4] Schwarz kontrolliert stark das d4-Feld, seine
positionelle Drohung ist 14...Ned4.} (13... Bh3 14. Nc4 Bxg2 15. Kxg2 $11) 14.
Nc4 {[%csl Gc4]} Ned4 $15 {[%csl Gd4]} 15. Be3 (15. f3 Bh3 16. e3 Bxg2 17. Kxg2
Ne6 $15 {[%csl Rd3][%cal Gd7d3]}) 15... Rfe8 {Schwarz verbessert seine
Stellung mit kleinen Zügen: Der Turm steht gut auf e8 in einigen Varianten,
wenn der Nd4 getauscht wird, weil Schwarz dann vorteilhaft mit exd4 antworten
könnte.} 16. Re1 Bf8 17. a5 {Weiß hat eigentlich keinen aktiven Spielplan, er
kann nur Wartezüge machen.} Nb4 {[%csl Gb4,Gd4]} 18. Bxd4 (18. Rc1 Rab8 $15 {
[%cal Gb7b5]} (18... Rad8 $15)) 18... cxd4 {Die Zurücknahme mit dem anderen
Bauern ist auch gut spielbar.} (18... exd4 $15 {[%cal Ge8e2]}) 19. Ne4 Rab8 {
[%cal Gb7b5] Schwarz bereitet den Zug 20...b5 vor - er möchte den c4-Springer
verjagen.} 20. Bf3 b5 (20... Bxf3 21. exf3 b5 $15) 21. axb6 axb6 22. Qd2 (22.
Bxg4 hxg4 $15 {[%csl Gg4]}) 22... Bxf3 (22... b5 $15) 23. exf3 f6 {Schwarz
verteidigt vorher den e5-Bauern und befreit den e8-Turm. Die weiße
Bauernstruktur ist sehr schwach - besonders der Pd3.} 24. Rec1 Rec8 25. Qd1 {
Mit dem Damezug macht Weiß Platz für den Springer auf d2.} b5 26. Ncd2 Qd5 {
[%csl Gd5] Die Dame steht sehr gut zentralisiert auf d5. Jetzt hängt schon der
Bauer auf d3.} (26... Nxd3 $4 27. Qb3+ $18) 27. Nb3 f5 $1 {[%mdl 32] Schwarz
verjagt den anderen Springer auch und nimmt freiwillig die Schwächung von g5
in Kauf.} (27... Ra8 $15) 28. Ng5 Be7 {[%cal Ge7g5] Nachfolgend kann Schwarz
den starken g5-Springer tauschen.} 29. Rxc8+ Rxc8 30. Rc1 Rxc1 (30... Ra8 $15)
31. Nxc1 Bxg5 $1 32. hxg5 f4 $1 $17 {Die schwarzen Figuren dominieren auf dem
Brett - Weiß hat eine passive Stellung. Der e4-Punkt ist nicht erreichbar für
den weißen Springer.} 33. Qe1 Nc6 34. Kg2 (34. Qe4 Qxe4 35. dxe4 (35. fxe4 fxg3
36. fxg3 Kf7 $19 {[%csl Rg5][%cal Rf7g6,Rg6g5]}) 35... Nb4 $17 {[%csl Gb4]})
34... Kf7 {[%csl Rg5][%cal Gf7g6] Der Pg5 ist immer eine Schwächung in der
weißen Stellung: Schwarz kann Kg6 spielen und den Bauern abholen.} 35. Ne2 fxg3
36. fxg3 (36. Nxg3 {[%cal Gg3e4]} h4 37. Ne4 Qe6 $17 {[%csl Yf4][%cal Gc6e7,
Ge7d5,Gd5f4]} 38. Qh1 $6 Nb4 39. Qxh4 Nxd3 $19) 36... Kg6 37. Qd2 Ne7 $1 {
[%csl Ye3][%cal Ge7f5,Gf5e3] Der Springer strebt nach e3.} 38. Kf2 Nf5 39. Qf4
{Das ist ein sogenanntes "passives Opfer" - Schwarz muss natürlich nicht auf
f4 nehmen.} Ne3 (39... exf4 40. Nxf4+ {[%cal Rf4d5,Rf4g6]} Kxg5 41. Nxd5) 40.
Qf8 Qe6 (40... Nd1+ $5 41. Ke1 Nxb2 42. Qe8+ Kxg5 $19) 41. Qa8 Nd1+ 42. Kg2 (
42. Ke1 Nxb2 43. Qe4+ Qf5 44. Qc6+ Kh7 45. Qxb5 Nxd3+ $17) 42... Nxb2 43. Qe4+
Qf5 44. Qc6+ Kh7 45. Qxb5 Nd1 $1 $19 {Die Stellung ist nur materiell gleich -
die Aktivität der schwarzen Figuren und die Schwächung des weißen
Königsflügels entscheiden die Partie.} (45... Nxd3 $6 46. Nxd4 $132) 46. f4 (
46. Nxd4 $2 {[%cal Gb5f5]} Ne3+ $19) 46... Ne3+ 47. Kh2 Qg4 {[%csl Re2,Ge3,Gg4,
Rh2]} 0-1

[Event "OHRA-B"]
[Site "Amsterdam"]
[Date "1990.??.??"]
[Round "3"]
[White "Bertholee, Rob"]
[Black "Polgar, Judit"]
[Result "0-1"]
[WhiteElo "2360"]
[BlackElo "2540"]
[Annotator "Ribli,Z"]
[PlyCount "86"]
[EventDate "1990.07.??"]
[EventType "swiss"]
[EventRounds "9"]
[EventCountry "NED"]
[SourceTitle "CBM 020"]
[Source "ChessBase"]
[SourceDate "1991.02.01"]
[SourceVersion "1"]
[SourceVersionDate "1991.02.01"]
[SourceQuality "1"]

1. c4 c5 2. Nc3 Nc6 3. Nf3 e5 4. e3 Nf6 5. d4 cxd4 6. exd4 e4 7. Ne5 Bb4 8. Be2
Qa5 9. Nxc6 dxc6 10. O-O Bxc3 $5 (10... O-O 11. Bd2 Be6 12. a3 {Franco,
Z-Polgar,J Salamanca 1989 CBM/13}) 11. bxc3 Qxc3 12. Rb1 O-O 13. Rb3 Qa5 14.
Rg3 Bf5 15. h4 e3 16. Rxe3 Rfe8 17. Qb3 Qc7 18. h5 Bg4 19. Bxg4 Rxe3 20. Qxe3
Nxg4 21. Qf4 Qxf4 22. Bxf4 Rd8 23. Rd1 h6 24. f3 Nf6 25. g4 b5 26. cxb5 cxb5
27. Be5 Nd5 28. Rc1 f6 29. Bg3 b4 30. Rc5 Nc3 31. a3 Ne2+ 32. Kf2 Nxg3 33. Kxg3
Rxd4 34. Ra5 (34. axb4 Rxb4 35. Ra5 Rb7 36. f4 $10) 34... b3 35. Rxa7 Rb4 $1
36. axb4 b2 37. Ra5 b1=Q 38. Rf5 Qxb4 39. Kg2 Kf7 40. Kf2 Ke6 41. Kg2 Qb2+ 42.
Kg3 Qb1 43. Rf4 Qb8 0-1

[Event "Barcelona"]
[Site "Barcelona"]
[Date "1990.??.??"]
[Round "6"]
[White "Illescas Cordoba, Miguel"]
[Black "De la Villa Garcia, Jesus Maria"]
[Result "1-0"]
[WhiteElo "2535"]
[BlackElo "2475"]
[Annotator "Ribli,Z"]
[PlyCount "35"]
[EventDate "1990.09.??"]
[EventType "tourn"]
[EventRounds "9"]
[EventCountry "ESP"]
[EventCategory "10"]
[SourceTitle "CBM 021"]
[Source "ChessBase"]
[SourceDate "1991.04.01"]
[SourceVersion "1"]
[SourceVersionDate "1991.04.01"]
[SourceQuality "1"]

1. c4 Nf6 2. Nc3 c5 3. g3 d5 4. cxd5 Nxd5 5. Bg2 Nc7 6. Nf3 Nc6 7. O-O e5 8. d3
Be7 9. Nd2 Bd7 10. Nc4 f6 11. f4 b5 12. Ne3 exf4 (12... Rc8 $5) 13. gxf4 Rb8
14. Bd2 O-O 15. f5 Nd4 (15... Ne5 16. Kh1 Bc6 17. Bxc6 Nxc6 18. Rg1 Rf7 19. Rc1
Ne5 20. Ne4 Qd4 21. b3 Rd8 22. Rg3 $14 {Vilela-Lukacs Albena 1985 40/(15)}) 16.
Kh1 Qc8 17. Ned5 Bd6 $2 18. Bf4 $1 1-0

[Event "Hastings 9091"]
[Site "Hastings"]
[Date "1990.12.??"]
[Round "11"]
[White "King, Daniel J"]
[Black "Chandler, Murray G"]
[Result "1/2-1/2"]
[WhiteElo "2560"]
[BlackElo "2560"]
[Annotator "Ribli,Z"]
[PlyCount "82"]
[EventDate "1990.12.??"]
[EventType "tourn"]
[EventRounds "14"]
[EventCountry "ENG"]
[EventCategory "13"]
[SourceTitle "CBM 022"]
[Source "ChessBase"]
[SourceDate "1991.06.01"]
[SourceVersion "1"]
[SourceVersionDate "1991.06.01"]
[SourceQuality "1"]

1. c4 c5 2. g3 Nf6 3. Bg2 d5 4. cxd5 Nxd5 5. Nc3 Nc7 6. Nf3 Nc6 7. Qa4 Bd7 8.
Qe4 g6 9. Ne5 Bg7 10. Nxd7 Qxd7 11. O-O (11. a3 O-O 12. Rb1 Rad8 13. O-O e6 14.
Qc4 b6 15. b4 Ne5 $13 {Wojtkiewicz,A-Horvath,Jo Debrecen 1990 CBM/20}) 11...
O-O 12. a3 Rac8 13. b4 $2 (13. Rb1 Ne6 14. b4 b6 15. Nd5 Ned4 $1 $10 {
Romanischin} (15... Ne5 $2 16. Bb2 f5 17. Qe3 $14 {Bukic-Schmidt Vrsac 1977 24/
87}) (15... f5 $6 16. Qc4 Ne5 17. Qa2 c4 $2 (17... Kh8 $5) 18. Bb2 $14 {
Romanischin-Pinter Malgrat de Mar 1977 24/88})) 13... cxb4 14. axb4 Nb5 15. Qb1
Ncd4 $1 16. Re1 Nxc3 17. dxc3 Rxc3 18. Ra2 Rfc8 19. Bb2 Nb5 20. Bxc3 Nxc3 21.
Qb3 Nxa2 $15 22. Qxa2 a6 23. Rb1 e6 24. Be4 Bd4 25. e3 Bf6 26. b5 axb5 27. Qe2
Rc4 28. Bxb7 Rc5 29. Ba6 b4 30. Rxb4 Rc1+ 31. Kg2 Qc6+ 32. e4 Rc2 33. Qb5 Qxb5
34. Bxb5 Rd2 35. Kf1 Kg7 36. Rb3 Bd4 37. Be2 Ra2 38. f4 Rc2 39. h4 h6 40. e5
Ra2 41. Rd3 Bc5 1/2-1/2